| 000 | 01483nam a2200349 a 4500 | ||
|---|---|---|---|
| 001 | ebr10680820 | ||
| 003 | CaPaEBR | ||
| 006 | m u | ||
| 007 | cr cn||||||||| | ||
| 008 | 090323s2009 nyuab sb 001 0 eng d | ||
| 010 | _z 2009010237 | ||
| 020 | _z9781607414575 (hardcover : alk. paper) | ||
| 020 | _z9781617284243 (e-book) | ||
| 040 |
_aCaPaEBR _cCaPaEBR |
||
| 035 | _a(OCoLC)662453326 | ||
| 050 | 1 | 4 |
_aQH541.5.F6 _bF662 2009eb |
| 082 | 0 | 4 |
_a577.3 _222 |
| 245 | 0 | 0 |
_aForest canopies _h[electronic resource] : _bforest production, ecosystem health and climate conditions / _cJason D. Creighton and Paul J. Roney, editors. |
| 260 |
_aNew York : _bNova Science Publishers, _cc2009. |
||
| 300 |
_axii, 171 p. : _bill. (some col.), maps (some col.). |
||
| 490 | 1 | _aEnvironmental science, engineering and technology series | |
| 504 | _aIncludes bibliographical references and index. | ||
| 533 |
_aElectronic reproduction. _bPalo Alto, Calif. : _cebrary, _d2013. _nAvailable via World Wide Web. _nAccess may be limited to ebrary affiliated libraries. |
||
| 650 | 0 | _aForest canopies. | |
| 650 | 0 | _aForest canopy ecology. | |
| 655 | 7 |
_aElectronic books. _2local |
|
| 700 | 1 | _aCreighton, Jason D. | |
| 700 | 1 | _aRoney, Paul J. | |
| 710 | 2 | _aebrary, Inc. | |
| 830 | 0 | _aEnvironmental science, engineering and technology series. | |
| 856 | 4 | 0 |
_uhttp://site.ebrary.com/lib/rucke/Doc?id=10680820 _zAn electronic book accessible through the World Wide Web; click to view |
| 999 |
_c156400 _d156400 |
||